Nayantra sahgal,s India : (Record no. 128381)

MARC details
000 -LEADER
fixed length control field 00705nam a22002297a 4500
005 - DATE AND TIME OF LATEST TRANSACTION
control field 20170124110038.0
010 ## - LIBRARY OF CONGRESS CONTROL NUMBER
LC control number A-949600
020 ## - INTERNATIONAL STANDARD BOOK NUMBER
Terms of availability 00.00
International Standard Book Number 8120720091
035 ## - SYSTEM CONTROL NUMBER
System control number A-949600
037 ## - SOURCE OF ACQUISITION
Source of stock number/acquisition Cen Lib/Ret
040 ## - CATALOGING SOURCE
Original cataloging agency DPL
Language of cataloging EN
082 ## - DEWEY DECIMAL CLASSIFICATION NUMBER
Classification number 883.08
Item number NAY
245 ## - TITLE STATEMENT
Title Nayantra sahgal,s India :
Remainder of title edited by Ralph J. Crane
Statement of responsibility, etc passion politics and history /
260 ## - PUBLICATION, DISTRIBUTION, ETC. (IMPRINT)
Place of publication, distribution, etc New Delhi
Name of publisher, distributor, etc Sterling publishers
Date of publication, distribution, etc 1998
270 ## - ADDRESS
Address L-10,Green Park Extension
City New Delhi
Postal code 110016
300 ## - PHYSICAL DESCRIPTION
Extent xiv,178p.
Dimensions 22cm(Hb)
500 ## - GENERAL NOTE
General note Includes index
650 ## - SUBJECT ADDED ENTRY--TOPICAL TERM
Topical term or geographic name as entry element English Literature
9 (RLIN) 23232
650 ## - SUBJECT ADDED ENTRY--TOPICAL TERM
Topical term or geographic name as entry element Fiction
9 (RLIN) 8901
700 ## - ADDED ENTRY--PERSONAL NAME
Personal name Crane, Ralph J.
9 (RLIN) 23233
942 ## - ADDED ENTRY ELEMENTS (KOHA)
Source of classification or shelving scheme Dewey Decimal Classification
Koha item type English Books
Classification part 883.08
Call number suffix NAY
Holdings
Withdrawn status Lost status Damaged status Not for loan Home library Current library Date acquired Source of acquisition Cost, normal purchase price Total Checkouts Full call number Barcode Date last seen Copy number Cost, replacement price Price effective from Koha item type Public note
Written off       Central Library Central Library 02/07/2015 Cen Lib/Ret 0.00   883.08 NAY A-949600 02/07/2015 1 0.00 02/07/2015 English Books Written off on approval by DLB (By Circulation); dtd 15-06-2023

© Delhi Public Library
Hit Counter
free hit counter